| 000 | 00415nam a22001457a 4500 | ||
|---|---|---|---|
| 999 |
_c527261 _d527261 |
||
| 020 | _a9788126903354 | ||
| 082 |
_a624 _bVAR |
||
| 100 | _aVarshney, D.V | ||
| 245 |
_aEstimating for Civil Engineers / _cD.V. Varshney |
||
| 260 |
_aDehli : _bCBS Publishers & Distribution Pvt .Ltd, _c2017. |
||
| 300 | _a94 p. ; | ||
| 942 |
_2ddc _cBK |
||